Menja bé, tu hi guanyes! : exposició exposició
Descripción Física:
1 disc òptic (DVD) ; color, so
Idioma:
Catalán
MARC
| LEADER | 00000ngm a2200000 a 4500 | ||
|---|---|---|---|
| 007 | co ||aaananaa| | ||
| 008 | 220729b spa||||| |||| 00| 0 cat d | ||
| 017 | |a DL B.9765-2013 | ||
| 080 | |a CD- | ||
| 245 | |a Menja bé, tu hi guanyes! : |b exposició |h [recurs electrònic] | ||
| 260 | |a Barcelona : |b Diputació de Barcelona. Àrea d'Atenció a les Persones |c 2013 | ||
| 300 | |a 1 disc òptic (DVD) ; |b color, so | ||
| 500 | |a Audiovisual produït per a l'exposició itinerant i interactiva Menja bé, tu hi guanyes! de l'Àrea de Salut Pública i Consum de la Diputació de Barcelona | ||
| 500 | |a Durada de la pel·lícula: 14 min | ||
| 500 | |a Realitzada el 2013 | ||
| 650 | 0 | |9 54087 |a Hàbits alimentaris | |
| 650 | 0 | |2 Arxiu |9 40013 |a Infants |x Alimentació |x Exposicions | |
| 655 | 0 | |a DVD |9 54986 | |
| 710 | |a Barcelona (Catalunya : Província). |b Àrea d'Atenció a les Persones |e entitat productora |9 52421 | ||
| 710 | |a Barcelona (Catalunya : Província). |b Àrea de Salut Pública i Consum |e entitat productora |9 7348 | ||
| 942 | |2 udc |c ARXIU |n 1 | ||
| 952 | |0 0 |1 0 |4 0 |6 CD |7 1 |9 63270 |a Arxiu |b Arxiu |d 2022-07-29 |l 0 |o CD- |p 26384 |r 2022-07-29 00:00:00 |w 2022-07-29 |y ARXIU | ||
| 999 | |c 82517 |d 82517 | ||